| 000 | 00892nam a2200253 a 4500 | ||
|---|---|---|---|
| 999 |
_c9579 _d9579 |
||
| 001 | 9579 | ||
| 003 | BD-JhCC | ||
| 005 | 20180319192109.0 | ||
| 008 | 180319s2007 bg a|||| ||a| 001 0 be d | ||
| 020 | _a984300000966 | ||
| 035 | _a(BD-JhCC)9579 | ||
| 040 |
_aBD-JhCC _dBD-JhCC |
||
| 041 | _aben | ||
| 082 |
_a954.92 _bPOR 2007 |
||
| 245 |
_aপরিবেশনা শিল্পকলা / _cসম্পাদক ইশরাফিল শাহীন |
||
| 260 |
_aঢাকা: _bবাংলাদেশ এশিয়াটিক সোসাইটি ; _c2007. |
||
| 300 |
_a659 p. : _c24 cm. _bill; |
||
| 490 | _aবাংলাদেশ সাংস্কৃতিক সমীক্ষামালা - ১২ | ||
| 504 | _aIncludes index. | ||
| 650 |
_aArts And Craft _zBangladesh |
||
| 700 | _aশাহীন, ইসরাফিল | ||
| 942 |
_2ddc _cBK |
||